Echoes of Iranian Revolution (Record no. 5782)

MARC details
000 -LEADER
fixed length control field 00652nam a2200253 a 4500
020 ## - INTERNATIONAL STANDARD BOOK NUMBER
ISBN
082 00 - DEWEY DECIMAL CLASSIFICATION NUMBER
Classification number 891.4391
Author Cutter NAS
100 ## - MAIN ENTRY--AUTHOR NAME
Author name Nasira, Sharma
245 ## - TITLE STATEMENT
Title Echoes of Iranian Revolution
Sub title Poems of Revolt and Liberation
260 ## - PUBLICATION, DISTRIBUTION, ETC. (IMPRINT)
Place of publication Delhi
Name of publisher Vikas Pub
Year of publication 1979
300 ## - PHYSICAL DESCRIPTION
Number of Pages 48p
500 ## - GENERAL NOTE
General note includes index and biblioraphy
505 2# - FORMATTED CONTENTS NOTE
Formatted contents note Urdu, Hindi and English from Persian
650 ## - SUBJECT ADDED ENTRY--TOPICAL TERM
Topical Term Urdu-Poetry
650 ## - SUBJECT ADDED ENTRY--TOPICAL TERM
Topical Term Hindi-Poetry
942 ## - ADDED ENTRY ELEMENTS (KOHA)
Koha item type Books
700 1# -
-- Nasira, Sharma
Holdings
Collection code Home library Current library Date acquired Cost, normal purchase price Full call number Accession Number Koha item type
  Henry Martyn Institute Library Henry Martyn Institute Library 06/25/2007 45.00 891.4391 NAS 09248 Books
                   Copyright © 2026 | Henry Martyn Institute | Hyderabad | TS-500052 | INDIA | Implemented by hmi.edu.in
Hit-Count:

Powered by Koha